000 00387nam a2200157Ia 4500
008 230917s9999||||xx |||||||||||||| ||und||
020 _cPOU16.8
040 _e9499
_aMAIN
041 _aEnglish
082 _a541.3453 T599C
100 _aTompkins, F C
245 0 _aChemisorption of gases on metals
260 _aLondon
_bAcademic Press
_c1978
300 _axii, 370 p.
942 _cBK
999 _c196664
_d196664